Представление документа в формате MARC21

Поле Инд. ПП Название Значение
Тип записи m
Библиографический уровень m
001 Контрольный номер RU/LIBMSTU/360343989
005 Дата корректировки 20250221161457.7
008 Кодируемые данные 121117|||||||||ru |||||||||||||||||rus||
040 b Код языка каталог. rus
041 0_ a Код языка текста rus
084 a Индекс другой классификации/Индекс ББК 94+87.3(2)+87.3(2)5+86.391
090 a Полочн. индекс 94
x Авторский знак Н 63
100 1_ a Автор Николаева Т. А.
245 10 a Заглавие Проблема человека в философском наследии русского масонства XVIII - начала XIX вв.
b Продолж. заглавия автореф. дис. ... канд. филос. наук : 09.00.03
c Ответственность ФГОУ ВПО "Мурман. гос. техн. ун-т"
h Физич. носитель Электронный ресурс
256 a Характеристики компьютерного файла Электрон. текстовые дан. (1 файл : 266 Кб)
260 a Место издания Мурманск
c Дата издания 2011
500 a Примечание URL: https://mstu.mauniver.ru/science/diss/k307_09_01/files/nikolaeva.pdf
500 10 a Примечание Загл. с экрана
500 10 a Примечание Имеется печ. аналог 2011 г.
583 x Служебное примечание Полнотекстовые документы
x Служебное примечание Труды преподавателей МГТУ
650 04 a Основная рубрика Русская философия-История, 18-19 вв.-Авторефераты диссертаций
653 0_ a Ключевые слова Авторефераты диссертаций
a Ключевые слова Масонская концепция
a Ключевые слова Масонское движение
a Ключевые слова Масонство
a Ключевые слова Масоны
a Ключевые слова Религиозно-нравственные основы масонства
a Ключевые слова Русские масоны 18-19 вв.
a Ключевые слова Философия русская 18-19 вв.
a Ключевые слова Философско-антропологическая концепция
a Ключевые слова Человек (философия)
a Ключевые слова Электронные версии
a Ключевые слова Труды преподавателей МГТУ
856 40 u URL https://mstu.mauniver.ru/science/diss/k307_09_01/files/nikolaeva.pdf
901 t Тип документа r